[Event "Britsh Columbia-ch U20"]
[Site "Vancouver CAN"]
[Date "2012.12.02"]
[Round "4.7"]
[White "Toi, Andrew"]
[Black "Pulfer, Luke"]
[Result "1/2-1/2"]
[WhiteElo "1544"]
[BlackElo "1591"]
[PlyCount "124"]
[GameId "2160767909411235"]
[EventDate "2012.12.01"]
[EventType "swiss"]
[EventRounds "5"]
[EventCountry "CAN"]
[SourceTitle "EXT 2022"]
[Source "ChessBase"]
[SourceDate "2021.10.06"]
[SourceVersion "1"]
[SourceVersionDate "2021.10.06"]
[SourceQuality "1"]

1. e4 e5 2. Nf3 Nc6 3. Bc4 Nf6 4. d3 Be7 5. Nc3 d6 6. Ne2 Be6 7. Bb3 Bxb3 8. axb3 d5 9. exd5 Nxd5 10. O-O O-O 11. Re1 Bf6 12. Ng3 Qd7 13. Ne4 Be7 14. Nc3 Nxc3 15. bxc3 Bd6 16. c4 f6 17. c3 a5 18. d4 exd4 19. cxd4 Bb4 20. Re3 Rfe8 21. d5 Bc5 22. Rxe8+ Rxe8 23. Ba3 Bxa3 24. Rxa3 b6 25. Ra2 Ne5 26. Nxe5 Rxe5 27. Re2 Qd6 28. Qe1 Kf7 29. g3 Rxe2 30. Qxe2 Qe7 31. Kf1 Qe5 32. f4 Qd6 33. Qh5+ Kg8 34. Qe8+ Qf8 35. Qe6+ Qf7 36. Qc8+ Qf8 37. Qxc7 Qc5 38. Qxc5 bxc5 39. Ke2 Kf7 40. Kd2 Ke7 41. Kc2 Kd6 42. Kb2 Kc7 43. Ka3 Kb6 44. Ka4 f5 45. d6 Kc6 46. Kxa5 Kxd6 47. b4 cxb4 48. Kxb4 Kc6 49. c5 h6 50. Kc4 g5 51. fxg5 hxg5 52. Kd4 f4 53. gxf4 gxf4 54. Ke4 Kxc5 55. Kxf4 Kd6 56. Kg5 Ke7 57. Kg6 Kf8 58. h4 Kg8 59. h5 Kh8 60. h6 Kg8 61. Kf6 Kh7 62. Kg5 Kh8 1/2-1/2

[Event "Britsh Columbia-ch U20"]
[Site "Vancouver CAN"]
[Date "2012.12.02"]
[Round "4.8"]
[White "Foote, Joanne"]
[Black "Zhang, Yutong"]
[Result "1-0"]
[WhiteElo "1725"]
[BlackElo "1536"]
[PlyCount "147"]
[GameId "2160767909411236"]
[EventDate "2012.12.01"]
[EventType "swiss"]
[EventRounds "5"]
[EventCountry "CAN"]
[SourceTitle "EXT 2022"]
[Source "ChessBase"]
[SourceDate "2021.10.06"]
[SourceVersion "1"]
[SourceVersionDate "2021.10.06"]
[SourceQuality "1"]

1. e4 e5 2. Nf3 Nc6 3. Bb5 a6 4. Ba4 Nf6 5. O-O b5 6. Bb3 Be7 7. Re1 O-O 8. c3 d6 9. h3 Na5 10. Bc2 c5 11. d4 cxd4 12. cxd4 Qc7 13. d5 Bd7 14. Nbd2 Rac8 15. Bd3 Bd8 16. Nf1 Qa7 17. Bg5 Bb6 18. Ne3 Nh5 19. Nxe5 dxe5 20. Qxh5 Bd4 21. Rab1 Nc4 22. b3 Nb2 23. Qe2 Nxd3 24. Qxd3 Rc3 25. Qd2 Rfc8 26. Rec1 f6 27. Bh4 Rxe3 28. Rxc8+ Bxc8 29. fxe3 Bxe3+ 30. Bf2 Bxd2 31. Bxa7 Ba5 32. Rc1 Bd7 33. Kf1 Kf7 34. Bc5 g6 35. b4 Bd8 36. Bd6 Bb6 37. Ke2 Bd8 38. Rf1 Kg7 39. Rc1 Bb6 40. Bc7 Bd4 41. Bd8 Be8 42. Rc7+ Bf7 43. d6 Bb6 44. Rd7 Bd4 45. Rb7 Kf8 46. Bxf6 Bc4+ 47. Kf3 Be6 48. d7 Bxd7 49. Rxd7 h6 50. Rd5 Kf7 51. Bxe5 Bb6 52. Rd6 Bc7 53. Rd5 Bb6 54. Bd4 Bxd4 55. Rxd4 Ke6 56. Rd5 Ke7 57. g4 Ke6 58. h4 Ke7 59. Kf4 Ke6 60. a3 Ke7 61. e5 Ke6 62. Rd6+ Kf7 63. h5 g5+ 64. Kf5 Ke7 65. Kg6 a5 66. Kxh6 axb4 67. axb4 Kf7 68. Kxg5 Ke7 69. h6 Kf7 70. h7 Kg7 71. e6 Kxh7 72. e7 Kg7 73. e8=Q Kh7 74. Rd7# 1-0

[Event "Britsh Columbia-ch U20"]
[Site "Vancouver CAN"]
[Date "2012.12.02"]
[Round "5.1"]
[White "Cao, Jason"]
[Black "Cheng, Jack"]
[Result "1-0"]
[WhiteElo "2212"]
[BlackElo "2206"]
[PlyCount "50"]
[GameId "2160767909411237"]
[EventDate "2012.12.01"]
[EventType "swiss"]
[EventRounds "5"]
[EventCountry "CAN"]
[SourceTitle "EXT 2022"]
[Source "ChessBase"]
[SourceDate "2021.10.06"]
[SourceVersion "1"]
[SourceVersionDate "2021.10.06"]
[SourceQuality "1"]

1. e4 e5 2. Nf3 Nc6 3. Bb5 a6 4. Ba4 Nf6 5. O-O b5 6. Bb3 Bb7 7. d3 Be7 8. a4 d6 9. Nc3 b4 10. Ne2 Na5 11. Ba2 c5 12. Ng3 O-O 13. c3 bxc3 14. bxc3 h6 15. Nf5 Bc8 16. N3h4 Re8 17. Qf3 Bxf5 18. Nxf5 Kh7 19. Qg3 g5 20. Qh3 h5 21. Bxg5 Kg6 22. Bxf6 Bxf6 23. Qg3+ Bg5 24. h4 f6 25. hxg5 fxg5 1-0

[Event "Britsh Columbia-ch U20"]
[Site "Vancouver CAN"]
[Date "2012.12.02"]
[Round "5.2"]
[White "Sohal, Tanraj"]
[Black "Doknjas, John"]
[Result "1-0"]
[WhiteElo "2192"]
[BlackElo "2070"]
[PlyCount "62"]
[GameId "2160767909411238"]
[EventDate "2012.12.01"]
[EventType "swiss"]
[EventRounds "5"]
[EventCountry "CAN"]
[SourceTitle "EXT 2022"]
[Source "ChessBase"]
[SourceDate "2021.10.06"]
[SourceVersion "1"]
[SourceVersionDate "2021.10.06"]
[SourceQuality "1"]

1. d4 Nf6 2. c4 c5 3. d5 e6 4. Nc3 exd5 5. cxd5 d6 6. Nf3 g6 7. Bf4 a6 8. a4 Bg7 9. e4 O-O 10. Be2 Nh5 11. Be3 f5 12. exf5 Bxf5 13. Qb3 Qe7 14. O-O Nd7 15. Rfe1 Nhf6 16. Bf4 Nh5 17. Bc4 Qxe1+ 18. Rxe1 Nxf4 19. Nd1 Bg4 20. Ng5 Bd4 21. Ne3 Ne5 22. Nxg4 Nxg4 23. Qxb7 Nf6 24. Ne6 Nxe6 25. dxe6 d5 26. Bxd5 Nxd5 27. Qxd5 Bxf2+ 28. Kh1 Rfd8 29. Qa2 Bxe1 30. e7+ Kg7 31. exd8=Q Rxd8 1-0

[Event "Britsh Columbia-ch U20"]
[Site "Vancouver CAN"]
[Date "2012.12.02"]
[Round "5.3"]
[White "Doknjas, Joshua"]
[Black "Herdin, Matthew"]
[Result "0-1"]
[WhiteElo "1859"]
[BlackElo "1972"]
[PlyCount "64"]
[GameId "2160767909411239"]
[EventDate "2012.12.01"]
[EventType "swiss"]
[EventRounds "5"]
[EventCountry "CAN"]
[SourceTitle "EXT 2022"]
[Source "ChessBase"]
[SourceDate "2021.10.06"]
[SourceVersion "1"]
[SourceVersionDate "2021.10.06"]
[SourceQuality "1"]

1. e4 e5 2. Nf3 Nc6 3. d4 exd4 4. Nxd4 Nf6 5. Nxc6 bxc6 6. e5 Qe7 7. Qe2 Nd5 8. c4 Nb6 9. b3 Qe6 10. g3 d5 11. cxd5 cxd5 12. Bg2 c6 13. O-O a5 14. Re1 Ba6 15. Qc2 Bb4 16. Bd2 Bxd2 17. Nxd2 O-O 18. f4 Bb7 19. f5 Qe7 20. Nf3 f6 21. e6 c5 22. Rad1 Rfd8 23. g4 d4 24. h4 Nd5 25. Rd2 Ne3 26. Qd3 Nxg4 27. Bh3 Bxf3 28. Qxf3 Ne5 29. Qg3 a4 30. h5 axb3 31. axb3 c4 32. bxc4 Ra3 0-1

[Event "Britsh Columbia-ch U20"]
[Site "Vancouver CAN"]
[Date "2012.12.02"]
[Round "5.4"]
[White "Cui, Karl"]
[Black "Lo, Ryan"]
[Result "0-1"]
[WhiteElo "1568"]
[BlackElo "2217"]
[PlyCount "76"]
[GameId "2160767909411240"]
[EventDate "2012.12.01"]
[EventType "swiss"]
[EventRounds "5"]
[EventCountry "CAN"]
[SourceTitle "EXT 2022"]
[Source "ChessBase"]
[SourceDate "2021.10.06"]
[SourceVersion "1"]
[SourceVersionDate "2021.10.06"]
[SourceQuality "1"]

1. d4 g6 2. c4 Nf6 3. Nc3 d5 4. cxd5 Nxd5 5. e4 Nxc3 6. bxc3 Bg7 7. Bc4 c5 8. Ne2 Nc6 9. Be3 O-O 10. O-O Na5 11. Bd3 b6 12. Rc1 e5 13. d5 f5 14. c4 Nb7 15. f4 Nd6 16. Ng3 Qc7 17. exf5 e4 18. fxg6 exd3 19. gxh7+ Kh8 20. Qxd3 Bf5 21. Nxf5 Nxf5 22. Bd2 Rae8 23. Rce1 Qd7 24. g4 Rxe1 25. Rxe1 Nd4 26. f5 b5 27. cxb5 Qxd5 28. Re4 c4 29. Qe3 Nxb5 30. Kf1 c3 31. Bc1 c2 32. Re8 Qd1+ 33. Kf2 Bd4 34. Rxf8+ Kxh7 35. Rf7+ Kg8 36. Rg7+ Kxg7 37. Bb2 c1=Q 38. Bxd4+ Qxd4 0-1

[Event "Britsh Columbia-ch U20"]
[Site "Vancouver CAN"]
[Date "2012.12.02"]
[Round "5.5"]
[White "Xiao, Alice"]
[Black "Yu, Robin"]
[Result "0-1"]
[WhiteElo "1890"]
[BlackElo "1509"]
[PlyCount "69"]
[GameId "2160767909411241"]
[EventDate "2012.12.01"]
[EventType "swiss"]
[EventRounds "5"]
[EventCountry "CAN"]
[SourceTitle "EXT 2022"]
[Source "ChessBase"]
[SourceDate "2021.10.06"]
[SourceVersion "1"]
[SourceVersionDate "2021.10.06"]
[SourceQuality "1"]

1. e4 d6 2. d4 Nf6 3. Nc3 g6 4. f3 Bg7 5. Be3 O-O 6. Qd2 Re8 7. Nge2 c6 8. g4 b5 9. h4 b4 10. Nd1 c5 11. h5 d5 12. e5 Nfd7 13. hxg6 fxg6 14. Nf4 cxd4 15. Ne6 Nxe5 16. Nxd4 Nbc6 17. Be2 e6 18. Nxc6 Nxc6 19. Bb5 Ne5 20. Qg2 Rf8 21. f4 Nd7 22. Bc6 Rb8 23. Bxa7 Qa5 24. Bxb8 Nxb8 25. f5 Nxc6 26. fxg6 hxg6 27. Qh2 Rf6 28. g5 Rf5 29. Ne3 b3+ 30. c3 Bxc3+ 31. Kd1 Rf7 32. bxc3 Qxc3 33. Qd2 Qxa1+ 34. Ke2 Qxh1 35. axb3 0-1

[Event "Britsh Columbia-ch U20"]
[Site "Vancouver CAN"]
[Date "2012.12.02"]
[Round "5.6"]
[White "Su, Michael"]
[Black "Foote, Joanne"]
[Result "1/2-1/2"]
[WhiteElo "1682"]
[BlackElo "1725"]
[PlyCount "71"]
[GameId "2160767909411242"]
[EventDate "2012.12.01"]
[EventType "swiss"]
[EventRounds "5"]
[EventCountry "CAN"]
[SourceTitle "EXT 2022"]
[Source "ChessBase"]
[SourceDate "2021.10.06"]
[SourceVersion "1"]
[SourceVersionDate "2021.10.06"]
[SourceQuality "1"]

1. d4 d5 2. Nf3 e6 3. e3 Nf6 4. Bd3 Be7 5. b3 O-O 6. Bb2 c6 7. O-O Re8 8. Nbd2 Nbd7 9. Ne5 Nxe5 10. dxe5 Nd7 11. f4 f6 12. Qh5 Nf8 13. exf6 Bxf6 14. Bxf6 gxf6 15. Rf3 Re7 16. Rg3+ Rg7 17. Rf1 Rxg3 18. hxg3 Qc7 19. Nf3 Bd7 20. g4 Be8 21. Qh2 Bg6 22. Qg3 Bxd3 23. cxd3 Ng6 24. g5 f5 25. Qh3 Rf8 26. g4 fxg4 27. Qxg4 Qf7 28. Qg2 Qf5 29. d4 Rc8 30. b4 Qf8 31. a3 Qf5 32. Rd1 Qe4 33. Qf2 Rf8 34. Kh2 Qf5 35. Kg1 Kg7 36. Kf1 1/2-1/2

[Event "Britsh Columbia-ch U20"]
[Site "Vancouver CAN"]
[Date "2012.12.02"]
[Round "5.7"]
[White "Pulfer, Luke"]
[Black "Rathburn, Hector"]
[Result "1/2-1/2"]
[WhiteElo "1591"]
[BlackElo "1650"]
[PlyCount "114"]
[GameId "2160767909411243"]
[EventDate "2012.12.01"]
[EventType "swiss"]
[EventRounds "5"]
[EventCountry "CAN"]
[SourceTitle "EXT 2022"]
[Source "ChessBase"]
[SourceDate "2021.10.06"]
[SourceVersion "1"]
[SourceVersionDate "2021.10.06"]
[SourceQuality "1"]

1. d4 Nf6 2. c4 e6 3. Nc3 Bb4 4. e3 O-O 5. Bd3 d5 6. Nf3 c5 7. O-O Nc6 8. a3 Bxc3 9. bxc3 dxc4 10. Bxc4 Qc7 11. Qe2 Rd8 12. Bb2 b6 13. e4 Na5 14. Ba2 Bb7 15. e5 Ne4 16. Rac1 Bd5 17. Bb1 Nb3 18. Bxe4 Nxc1 19. Rxc1 Qb7 20. Bxd5 Qxd5 21. h3 c4 22. Nd2 b5 23. f4 a5 24. Ne4 Rab8 25. Nd6 Rd7 26. Rc2 Rc7 27. Kh2 b4 28. cxb4 c3 29. Rxc3 Rxc3 30. Bxc3 Qb3 31. Qb2 Qxb2 32. Bxb2 axb4 33. axb4 Rxb4 34. Bc3 Rb3 35. Be1 Rd3 36. Bf2 Rd2 37. Bg1 h5 38. Kg3 h4+ 39. Kf3 f5 40. Bf2 Kh7 41. Be3 Ra2 42. Nf7 Kg6 43. Nd8 Ra6 44. g4 hxg3 45. Kxg3 Kh5 46. Kg2 Kh4 47. Bf2+ Kh5 48. Be3 Kh4 49. d5 exd5 50. e6 Ra2+ 51. Kf3 Ra3 52. e7 d4 53. e8=Q Rxe3+ 54. Qxe3 dxe3 55. Kxe3 g5 56. Ne6 gxf4+ 57. Nxf4 Kg3 1/2-1/2

[Event "Britsh Columbia-ch U20"]
[Site "Vancouver CAN"]
[Date "2012.12.02"]
[Round "5.8"]
[White "Zhang, Yutong"]
[Black "Toi, Andrew"]
[Result "1-0"]
[WhiteElo "1536"]
[BlackElo "1544"]
[PlyCount "53"]
[GameId "2160767909411244"]
[EventDate "2012.12.01"]
[EventType "swiss"]
[EventRounds "5"]
[EventCountry "CAN"]
[SourceTitle "EXT 2022"]
[Source "ChessBase"]
[SourceDate "2021.10.06"]
[SourceVersion "1"]
[SourceVersionDate "2021.10.06"]
[SourceQuality "1"]

1. e4 c5 2. Nf3 d6 3. Bb5+ Bd7 4. Bxd7+ Qxd7 5. O-O Nc6 6. c3 d5 7. exd5 Qxd5 8. d4 Rd8 9. Be3 e5 10. Re1 Be7 11. Qa4 Rb8 12. dxe5 b5 13. Qg4 Nxe5 14. Qxg7 Bf6 15. Qg3 Ne7 16. Nbd2 Qe6 17. Nxe5 Rg8 18. Qf3 Bxe5 19. Bxc5 Ng6 20. Qh5 Qd5 21. Bd4 Kd8 22. Qf3 Qd6 23. Bxe5 Nxe5 24. Qe3 Qc6 25. Qe4 Qxe4 26. Rxe4 f6 27. Nf1 1-0

[Event "CAN-ch"]
[Site "Montreal CAN"]
[Date "2012.08.04"]
[Round "1"]
[White "Anastasovski, Nikola"]
[Black "Milicevic, Goran"]
[Result "0-1"]
[WhiteElo "2070"]
[BlackElo "2287"]
[PlyCount "90"]
[GameId "2160767909441623"]
[EventDate "2012.08.04"]
[EventType "swiss"]
[EventRounds "9"]
[EventCountry "CAN"]
[SourceTitle "CBM 149 Extra"]
[Source "ChessBase"]
[SourceDate "2012.08.24"]
[SourceVersion "1"]
[SourceVersionDate "2012.08.24"]
[SourceQuality "1"]

1. c4 e5 2. Nc3 Nf6 3. e4 Bc5 4. g3 c6 5. Bg2 b5 6. d3 b4 7. Na4 Be7 8. d4 exd4 9. e5 Ng8 10. Qxd4 Qa5 11. b3 f6 12. f4 Nh6 13. Nf3 Na6 14. Qe4 O-O 15. O-O Bb7 16. Bb2 Rae8 17. Qd3 Bc8 18. Kh1 Nc7 19. Rae1 Ne6 20. f5 Nc5 21. Nxc5 Qxc5 22. exf6 Bxf6 23. Rxe8 Rxe8 24. Bxf6 gxf6 25. Qd4 Qxd4 26. Nxd4 Re5 27. h3 a6 28. g4 c5 29. Nf3 Re2 30. Re1 Rxe1+ 31. Nxe1 Kf8 32. Nd3 d6 33. Bd5 a5 34. Kg2 Bd7 35. Kg3 a4 36. Nf4 a3 37. Be4 Nf7 38. Nd5 Kg7 39. Nb6 Be8 40. Kf4 h5 41. Nc8 h4 42. Ne7 Ng5 43. Bc6 Nxh3+ 44. Ke3 Bxc6 45. Nxc6 Ng5 0-1

[Event "CAN-ch"]
[Site "Montreal CAN"]
[Date "2012.08.04"]
[Round "1"]
[White "Ber, Yves"]
[Black "Hebert, Jean"]
[Result "0-1"]
[WhiteElo "2114"]
[BlackElo "2410"]
[PlyCount "70"]
[GameId "2160767909441624"]
[EventDate "2012.08.04"]
[EventType "swiss"]
[EventRounds "9"]
[EventCountry "CAN"]
[SourceTitle "CBM 149 Extra"]
[Source "ChessBase"]
[SourceDate "2012.08.24"]
[SourceVersion "1"]
[SourceVersionDate "2012.08.24"]
[SourceQuality "1"]

1. d4 Nf6 2. Nf3 e6 3. e3 c5 4. Bd3 b6 5. O-O Bb7 6. Nbd2 Nc6 7. c3 Be7 8. Re1 d5 9. Qc2 Rc8 10. Qa4 O-O 11. h3 Qc7 12. dxc5 bxc5 13. e4 Rfe8 14. exd5 exd5 15. Nf1 c4 16. Bf5 Rcd8 17. Qc2 g6 18. Bg5 gxf5 19. Qxf5 Ne4 20. Bf4 Qd7 21. Qxd7 Rxd7 22. N3d2 Bc5 23. Be3 Bxe3 24. Rxe3 Rde7 25. Nf3 Nf6 26. Rd1 Kf8 27. Kh2 Rxe3 28. Nxe3 Ne5 29. Ne1 Re6 30. Rd4 Rd6 31. a3 Rb6 32. Nd1 Bc6 33. f4 Ned7 34. Nc2 Nc5 35. Nb4 Nb3 0-1

[Event "CAN-ch"]
[Site "Montreal CAN"]
[Date "2012.08.04"]
[Round "1"]
[White "Chabot, Roland"]
[Black "Zhu, Hong Rui"]
[Result "1-0"]
[WhiteElo "2231"]
[BlackElo "2029"]
[PlyCount "77"]
[GameId "2160767909441625"]
[EventDate "2012.08.04"]
[EventType "swiss"]
[EventRounds "9"]
[EventCountry "CAN"]
[SourceTitle "hb 2012"]

1. d4 d5 2. c4 e6 3. Nc3 Nf6 4. cxd5 exd5 5. Bg5 Be7 6. e3 O-O 7. Bd3 c6 8. Qc2 Nbd7 9. Nf3 Re8 10. O-O Nf8 11. h3 Be6 12. Ne5 N6d7 13. Bxe7 Qxe7 14. f4 f6 15. Nf3 Bxh3 16. gxh3 Qxe3+ 17. Rf2 Qxf4 18. Ne2 Qh6 19. Raf1 Re3 20. Ng3 g6 21. Rg2 Kh8 22. Qd2 Rae8 23. h4 Qf4 24. h5 Qg4 25. Nf5 Rxd3 26. Qxd3 Qxf5 27. Qxf5 gxf5 28. Nh4 Re4 29. Nxf5 Ne6 30. Nd6 Ng5 31. Rxg5 fxg5 32. Nxe4 dxe4 33. Rf7 Nb6 34. h6 Kg8 35. Rg7+ Kf8 36. Rxh7 Nd5 37. Rxb7 Kg8 38. Rxa7 Nf4 39. Re7 1-0

[Event "CAN-ch"]
[Site "Montreal CAN"]
[Date "2012.08.04"]
[Round "1"]
[White "Filipovich, David"]
[Black "Pechenkin, Vladimir"]
[Result "0-1"]
[WhiteElo "2091"]
[BlackElo "2334"]
[PlyCount "56"]
[GameId "2160767909441626"]
[EventDate "2012.08.04"]
[EventType "swiss"]
[EventRounds "9"]
[EventCountry "CAN"]
[SourceTitle "CBM 149 Extra"]
[Source "ChessBase"]
[SourceDate "2012.08.24"]
[SourceVersion "1"]
[SourceVersionDate "2012.08.24"]
[SourceQuality "1"]

1. Nf3 f5 2. g3 Nf6 3. Bg2 g6 4. O-O Bg7 5. d4 O-O 6. c3 d6 7. Nbd2 Nc6 8. Re1 e5 9. dxe5 dxe5 10. e4 f4 11. gxf4 Nh5 12. f5 Nf4 13. Nc4 Qxd1 14. Rxd1 Nxg2 15. Kxg2 gxf5 16. Ne3 Ne7 17. Nd5 Nxd5 18. exd5 Bd7 19. b3 Rae8 20. Bb2 e4 21. Ng1 f4 22. f3 exf3+ 23. Kf2 Re3 24. Re1 Bg4 25. Ba3 Rfe8 26. Bc5 Bf6 27. Bxe3 Bh4+ 28. Kf1 fxe3 0-1

[Event "CAN-ch"]
[Site "Montreal CAN"]
[Date "2012.08.04"]
[Round "1"]
[White "Gerzhoy, Leonid"]
[Black "Gusev, Nikita"]
[Result "1-0"]
[WhiteElo "2448"]
[BlackElo "2117"]
[PlyCount "115"]
[GameId "2160767909441627"]
[EventDate "2012.08.04"]
[EventType "swiss"]
[EventRounds "9"]
[EventCountry "CAN"]
[SourceTitle "CBM 149 Extra"]
[Source "ChessBase"]
[SourceDate "2012.08.24"]
[SourceVersion "1"]
[SourceVersionDate "2012.08.24"]
[SourceQuality "1"]

1. d4 Nf6 2. c4 e6 3. Nc3 Bb4 4. e3 O-O 5. Bd3 d5 6. a3 Bxc3+ 7. bxc3 c5 8. cxd5 exd5 9. Ne2 Re8 10. O-O Nc6 11. f3 Nh5 12. g4 Nf6 13. Ng3 g6 14. Ra2 Qa5 15. Bd2 Qb6 16. Kh1 Re7 17. Qa1 c4 18. Bc2 Na5 19. Rb2 Qc7 20. a4 Bd7 21. Qa3 Bc6 22. g5 Ne8 23. e4 dxe4 24. fxe4 Nd6 25. Bf4 Rxe4 26. Bxd6 Rxd4+ 27. Be4 Qxd6 28. Qxd6 Rxd6 29. Bxc6 Rxc6 30. Re2 Re6 31. Rxe6 fxe6 32. Rd1 h6 33. h4 hxg5 34. hxg5 Rf8 35. Ne4 Kg7 36. Nc5 Re8 37. Rd7+ Kf8 38. Rh7 Re7 39. Nd7+ Ke8 40. Nf6+ Kd8 41. Rh8+ Kc7 42. Rg8 Kd6 43. Rxg6 Ke5 44. Rg8 b6 45. Kg2 Nb7 46. Kf3 Nc5 47. Ng4+ Kd6 48. g6 Nd7 49. g7 a6 50. Kf4 Rf7+ 51. Kg5 b5 52. axb5 axb5 53. Kg6 Rf4 54. Nh6 Rf3 55. Rd8 Rg3+ 56. Kf7 Kc7 57. g8=Q Rxg8 58. Rxg8 1-0

[Event "CAN-ch"]
[Site "Montreal CAN"]
[Date "2012.08.04"]
[Round "1"]
[White "Hamilton, Robert"]
[Black "Preotu, Razvan"]
[Result "1-0"]
[WhiteElo "2305"]
[BlackElo "2080"]
[PlyCount "109"]
[GameId "2160767909441628"]
[EventDate "2012.08.04"]
[EventType "swiss"]
[EventRounds "9"]
[EventCountry "CAN"]
[SourceTitle "CBM 149 Extra"]
[Source "ChessBase"]
[SourceDate "2012.08.24"]
[SourceVersion "1"]
[SourceVersionDate "2012.08.24"]
[SourceQuality "1"]

1. d4 Nf6 2. c4 g6 3. Nc3 Bg7 4. e4 d6 5. f3 O-O 6. Be3 Nbd7 7. Bd3 c5 8. Nge2 cxd4 9. Nxd4 Ne5 10. Be2 b6 11. O-O Bb7 12. Qb3 Qb8 13. Rfd1 Rd8 14. Nd5 Rd7 15. Bg5 Nxd5 16. cxd5 h6 17. Be3 Rc7 18. Rac1 Qd8 19. Rxc7 Qxc7 20. Rc1 Qd8 21. Qa4 Nd7 22. a3 Nc5 23. Qd1 Bxd4 24. Bxd4 Rc8 25. Be3 Kh7 26. b4 Nd7 27. Rxc8 Qxc8 28. Qc1 Qxc1+ 29. Bxc1 Nb8 30. Kf2 Ba6 31. Bd1 Bc4 32. Ke3 b5 33. f4 h5 34. g4 hxg4 35. Bxg4 Na6 36. f5 f6 37. fxg6+ Kxg6 38. Kf4 Nc7 39. Be3 e6 40. Bxa7 exd5 41. Bb8 Na8 42. Bxd6 dxe4 43. Kxe4 Kg5 44. Bd1 Nb6 45. Kd4 f5 46. Bc5 Nd7 47. a4 Bf1 48. a5 Bg2 49. Be2 Bc6 50. a6 f4 51. a7 f3 52. Be7+ Kf4 53. Bd6+ Kg4 54. Bxb5 f2 55. Be2+ 1-0

[Event "CAN-ch"]
[Site "Montreal CAN"]
[Date "2012.08.04"]
[Round "1"]
[White "Humphreys, Michael"]
[Black "Cardin, Guillaume"]
[Result "1-0"]
[WhiteElo "2179"]
[BlackElo "1790"]
[PlyCount "63"]
[GameId "2160767909441629"]
[EventDate "2012.08.04"]
[EventType "swiss"]
[EventRounds "9"]
[EventCountry "CAN"]

1. Nf3 Nf6 2. c4 e6 3. g3 d5 4. Bg2 dxc4 5. Qa4+ c6 6. Qxc4 b5 7. Qc2 Bb7 8. O-O Nbd7 9. d3 Be7 10. a4 a6 11. Nc3 O-O 12. e4 b4 13. Nb1 c5 14. a5 c4 15. Qxc4 Rc8 16. Qb3 Nc5 17. Qxb4 Qxd3 18. Nc3 Bxe4 19. Rd1 Rb8 20. Qa3 Rb3 21. Qa2 Rxc3 22. Rxd3 Rxd3 23. Be3 Ng4 24. Ne1 Bxg2 25. Nxd3 Bd5 26. Qa3 Nxe3 27. fxe3 Nb3 28. Qxe7 Nxa1 29. Nc5 Nb3 30. e4 Nxc5 31. exd5 Rc8 32. d6 1-0

[Event "CAN-ch"]
[Site "Montreal CAN"]
[Date "2012.08.04"]
[Round "1"]
[White "Jiang, Louie"]
[Black "Derraugh, Geordie"]
[Result "1-0"]
[WhiteElo "2337"]
[BlackElo "2097"]
[PlyCount "99"]
[GameId "2160767909441630"]
[EventDate "2012.08.04"]
[EventType "swiss"]
[EventRounds "9"]
[EventCountry "CAN"]
[SourceTitle "CBM 149 Extra"]
[Source "ChessBase"]
[SourceDate "2012.08.24"]
[SourceVersion "1"]
[SourceVersionDate "2012.08.24"]
[SourceQuality "1"]

1. e4 c5 2. Nc3 d6 3. f4 Nc6 4. Bb5 Bd7 5. d3 g6 6. Nf3 Bg7 7. O-O Nf6 8. Qe1 O-O 9. Bxc6 Bxc6 10. Qh4 e6 11. Bd2 Nd7 12. Qh3 Re8 13. g4 f6 14. f5 g5 15. Rae1 Nf8 16. Qg3 e5 17. b3 Nd7 18. Nd5 Bxd5 19. exd5 h6 20. Kg2 Kf7 21. h4 Rh8 22. Be3 Qa5 23. Ra1 Qc3 24. Rfc1 Nb6 25. Bd2 Qb2 26. c4 Rae8 27. Re1 Nc8 28. Qf2 Re7 29. Reb1 Qa3 30. Bc1 Qa6 31. Nd2 Rg8 32. Ne4 Bf8 33. Be3 Re8 34. a4 Ne7 35. b4 Nxd5 36. cxd5 Qxd3 37. Qf3 c4 38. Bxa7 Qc2+ 39. Bf2 gxh4 40. Kh3 Rc8 41. a5 c3 42. Rc1 Qb2 43. Rab1 Qa2 44. Rxc3 Be7 45. Rbc1 Rxc3 46. Rxc3 Qb1 47. g5 Bf8 48. g6+ Ke7 49. Rc7+ Kd8 50. Bb6 1-0

[Event "CAN-ch"]
[Site "Montreal CAN"]
[Date "2012.08.04"]
[Round "1"]
[White "Khassanov, Marat"]
[Black "Itkin, David"]
[Result "1-0"]
[WhiteElo "2273"]
[BlackElo "2058"]
[PlyCount "157"]
[GameId "2160767909441631"]
[EventDate "2012.08.04"]
[EventType "swiss"]
[EventRounds "9"]
[EventCountry "CAN"]
[SourceTitle "hb 2012"]

1. e4 c5 2. Nf3 d6 3. c3 Nf6 4. Bd3 Nc6 5. Bc2 Bg4 6. h3 Bh5 7. d3 e6 8. Nbd2 Be7 9. O-O O-O 10. a3 b5 11. Re1 Qc7 12. Nf1 d5 13. Ng3 Bg6 14. Nh4 dxe4 15. Nxg6 hxg6 16. Nxe4 Nd5 17. Qf3 b4 18. axb4 cxb4 19. Ba4 bxc3 20. bxc3 Rfd8 21. Bd2 Na5 22. h4 Rab8 23. Rab1 Rxb1 24. Rxb1 Bxh4 25. c4 Nf6 26. Rb5 Nxc4 27. dxc4 Qxc4 28. Rb4 Qa2 29. Bc3 a5 30. Nxf6+ Bxf6 31. Rf4 Bxc3 32. Qxc3 Qb1+ 33. Kh2 g5 34. Rf3 g4 35. Re3 Qh7+ 36. Kg1 Qb1+ 37. Re1 Qb6 38. g3 Rb8 39. Bc2 Qb4 40. Qe5 Qb2 41. Qe4 Rb4 42. Qh7+ Kf8 43. Rd1 Ke7 44. Qh4+ Qf6 45. Qh8 Rd4 46. Rb1 Rb4 47. Rf1 Qc3 48. Qh4+ Qf6 49. Qh5 g5 50. Qh7 Rb8 51. Qd3 Qf3 52. Qd4 Rd8 53. Qc5+ Kf6 54. Re1 Rd5 55. Qb6 Qc3 56. Re2 Rd2 57. Rxd2 Qxd2 58. Qb2+ Ke7 59. Qb7+ Kf6 60. Ba4 Qb4 61. Qd7 Qb1+ 62. Kg2 Qe4+ 63. Kh2 Qe2 64. Qd4+ Ke7 65. Bd1 Qe1 66. Qc5+ Kf6 67. Bxg4 Qe5 68. Qa7 Kg6 69. Kg2 f5 70. Bh5+ Kh6 71. Qf7 Qg7 72. Qe8 g4 73. Bf7 Qf6 74. Qf8+ Qg7 75. Qe7 Qe5 76. Bxe6 Qe4+ 77. Kh2 Qf3 78. Qf6+ Kh7 79. Qxf5+ 1-0

[Event "CAN-ch"]
[Site "Montreal CAN"]
[Date "2012.08.04"]
[Round "1"]
[White "Kraiouchkine, Nikita"]
[Black "Luo, Zhao Yang"]
[Result "1-0"]
[WhiteElo "2204"]
[BlackElo "1991"]
[PlyCount "41"]
[GameId "2160767909441632"]
[EventDate "2012.08.04"]
[EventType "swiss"]
[EventRounds "9"]
[EventCountry "CAN"]
[SourceTitle "CBM 149 Extra"]
[Source "ChessBase"]
[SourceDate "2012.08.24"]
[SourceVersion "1"]
[SourceVersionDate "2012.08.24"]
[SourceQuality "1"]

1. e4 g6 2. d4 Bg7 3. Nc3 d6 4. Be3 c6 5. Qd2 Nd7 6. a4 a5 7. f4 h5 8. Nf3 e6 9. Bd3 Ne7 10. O-O O-O 11. f5 exf5 12. exf5 Nf6 13. Nh4 gxf5 14. Bh6 Ng6 15. Nxf5 Bxf5 16. Rxf5 Qb6 17. Ne2 Rfe8 18. Bxg7 Kxg7 19. Raf1 Re6 20. Qg5 Qd8 21. Nf4 1-0